Mapa de Ciudades del País Vasco - Estadísticas

Estadísticas generales
  • Esta prueba ha sido intentada 2.159 veces
  • La puntuación promedio es 6 de 10
Respuestas en el mapa
Las respuestas están codificadas por una escala verde-roja en el mapa de la prueba según el % correcto abajo.
 
Estadísticas de respuestas
Respuesta % Correcto
San Sebastián
81%
Vitoria
80%
Bilbao
75%
Baracaldo
72%
Irún
70%
Eibar
52%
Tolosa
50%
Mondragón
47%
Zarauz
44%
Munguía
34%
No se encontraron pruebas coincidentes
Distribución de puntuación
Porcentaje de gente con cada puntuación
Porcentaje por número respondido
Historial de tus puntuaciones
No has intentado esta prueba.